Members of The Black Fang (Fe7) - Statistics

General Stats
  • This quiz has been taken 3 times
  • The average score is 13 of 26
Answer Stats
Nickname Name % Correct
None Brendan
100%
Other Ephidel
100%
The Angel Of Death Jaffar
100%
The Mad Dog Linus
100%
The White Wolf Lloyd
100%
Other Nergal
100%
None Nino
100%
None Sonia
100%
The Blue Crow Ursula
100%
None Jan
67%
The Death Kite Jerme
67%
The Shrike Kenneth
67%
The Hurricane Legault
67%
The Soaring Hawk Uhai
67%
None Heintz
33%
The Crazed Beast Pascal
33%
The Owl Aion
0%
None Beyard
0%
None Boies
0%
None Cameron
0%
None Damian
0%
None Igor
0%
None Maxime
0%
The Shadow Hawk Teodor
0%
None Wire
0%
None Zoldam
0%
No matching quizzes found
Score Distribution
Percent of People with Each Score
Percentile by Number Answered
Your Score History
You have not taken this quiz